书目信息 |
| 题名: |
国民党那个时代
|
|
| 作者: | 邢超 著 | |
| 分册: | 上册 | |
| 出版信息: | 北京 中国文史出版社 2015 |
|
| 页数: | 344页 | |
| 开本: | 26cm | |
| 丛书名: | ||
| 单 册: | ||
| 中图分类: | D693.74 | |
| 科图分类: | ||
| 主题词: | ||
| 电子资源: | ||
| ISBN: | 978-7-5034-7376-0 | |
| 000 | 00948nam0 2200241 450 | |
| 001 | 2160536235 | |
| 005 | 20210930165556.74 | |
| 010 | @a978-7-5034-7376-0@dCNY49.00(全2册98.00) | |
| 100 | @a20190417d2015 em y0chiy50 ea | |
| 101 | 0 | @achi |
| 102 | @aCN@b110000 | |
| 105 | @aac z 000yy | |
| 106 | @ar | |
| 200 | 1 | @a国民党那个时代@Aguo min dang na ge shi dai@e1919-1949@h上册@e国文典藏版@f邢超著 |
| 210 | @a北京@c中国文史出版社@d2015 | |
| 215 | @a344页@c图, 肖像@d26cm | |
| 314 | @a邢超, 山东淄博人。 | |
| 330 | @a本书是作者阅读了大量历史资料, 几易其稿写就的一本历史专著。作者从1919年孙中山先生重组国民党开始写起, 实事求是地记述了国民党在大陆三十年“其兴也勃, 其亡也忽”的兴衰过程, 以现在的语境重现了民国时期跌宕起伏的历史风貌。 | |
| 601 | 02 | @a中国国民党@Azhong guo guo min dang@x党史@z1919-1949 |
| 690 | @aD693.74@v5 | |
| 701 | 0 | @a邢超@Axing chao@f1969-@4著 |
| 801 | 0 | @aCN@b百万庄@c20210926 |
| 905 | @b1301239-242@dD693.74@e301:1@f4 | |
| 国民党那个时代:1919-1949.上册:国文典藏版/邢超著.-北京:中国文史出版社,2015 |
| 344页:图, 肖像;26cm |
| ISBN 978-7-5034-7376-0:CNY49.00(全2册98.00) |
| 本书是作者阅读了大量历史资料, 几易其稿写就的一本历史专著。作者从1919年孙中山先生重组国民党开始写起, 实事求是地记述了国民党在大陆三十年“其兴也勃, 其亡也忽”的兴衰过程, 以现在的语境重现了民国时期跌宕起伏的历史风貌。 |
| ● |
| 相关链接 |
|
|
|
|
正题名:国民党那个时代
索取号:D693.74/301:1
 
预约/预借
| 序号 | 登录号 | 条形码 | 馆藏地/架位号 | 状态 | 备注 |
| 1 | 1301239 | 213012390 | 第一样本阅览室/ [索取号:D693.74/301:1] | 在馆 | |
| 2 | 1301240 | 213012407 | 第一借阅区/ [索取号:D693.74/301:1] | 在馆 | |
| 3 | 1301241 | 213012416 | 第一借阅区/ [索取号:D693.74/301:1] | 在馆 | |
| 4 | 1301242 | 213012425 | 第一借阅区/ [索取号:D693.74/301:1] | 在馆 |